Books Missing 'A' Words Quiz Stats

 Plays Quiz Updated Apr 9, 2018

Score 0/18 Timer 03:00
0 Plays Today
Hint Answer % Correct
Animal
96.5%
All
93.6%
Adventures
93.5%
Anne
93.5%
Antony
86.5%
Atlas
84.1%
Azkaban
81.9%
Art
80.8%
Apart
79.6%
Hint Answer % Correct
Anatomy
69.9%
Abbey
69.6%
Andromeda
69%
Androids
63.8%
Abroad
41.5%
Africa
39.2%
Appointment
37%
Assassin
32.5%
August
27.7%

You're not logged in!

Compare scores with friends on all Sporcle quizzes.
OR
Log In

You Might Also Like...

Show Comments

Extras

Top Quizzes Today


Score Distribution

Your Account Isn't Verified!

In order to create a playlist on Sporcle, you need to verify the email address you used during registration. Go to your Sporcle Settings to finish the process.

Report this User

Report this user for behavior that violates our Community Guidelines.

Details: